=LDR 00000nam 2200000 4500 =001 INLIS000000000012410 =005 20200224094026 =035 ##$$a 0010-061300000012410 =008 200224################g##########0#ind## =041 ##$$a Ind =082 ##$$a 371.3 =090 ##$$a 371.3, Mun p =100 ##$$a Munandar utami =245 1#$$a Pemanduan anak berbakat, : $b Suatu studi penjajakan /$c Dr. S.C. Utami Munandar =260 ##$$a Jakarta :$b Rajawali,$c 1982 =650 #4$$a Pendidikan =850 ##$$a NBPNMAT =084 ##$$a 371.3 MUN p =300 ##$$a xv, 156 hlm. ; $c 19,5 x 14 cm =990 ##$$a 00032538 =990 ##$$a 00055524 =990 ##$$a 00045114 =990 ##$$a 11835 pro. 82 =990 ##$$a 11835 pro. 82 =990 ##$$a 00032538 =990 ##$$a 00055524 =990 ##$$a 00045114 =990 ##$$a 00045114 =990 ##$$a 00032538 =990 ##$$a 00055524 =990 ##$$a 11835 pro. 82 =990 ##$$a 00055524 =990 ##$$a 00032538 =990 ##$$a 00045114 =990 ##$$a 11835 pro. 82 =990 ##$$a 00032538 =990 ##$$a 00055524 =990 ##$$a 00045114 =990 ##$$a 11835 pro. 82 =990 ##$$a 00032538 =990 ##$$a 00055524 =990 ##$$a 00045114 =990 ##$$a 11835 pro. 82 =990 ##$$a 00055524 =990 ##$$a 00032538 =990 ##$$a 00045114 =990 ##$$a 11835 pro. 82 =990 ##$$a 00055524 =990 ##$$a 00032538 =990 ##$$a 00045114 =990 ##$$a 11835 pro. 82